Mamífers dels Països Catalans (Registre núm. 62889)

MARC details
000 -LEADER
campo de control de longitud fija 01057akm a2200421a 44500
008 - DATOS DE LONGITUD FIJA--INFORMACIÓN GENERAL
campo de control de longitud fija 040414s2004 cat
041 ## - CÓDIGO DE IDIOMA
Código de lengua del texto/banda sonora o título independiente cat
041 ## - CÓDIGO DE IDIOMA
Llengües tractades lat
080 ## - NÚMERO DE LA CLASIFICACIÓN DECIMAL UNIVERSAL
Número de la Clasificación Decimal Universal 599(038)
100 ## - ENTRADA PRINCIPAL--NOMBRE DE PERSONA
Nombre de persona Viza, Marga
9 (RLIN) 71810
245 ## - MENCIÓN DEL TÍTULO
Título Mamífers dels Països Catalans
245 ## - MENCIÓN DEL TÍTULO
Mención de responsabilidad, etc. Jordi Sargatal
245 ## - MENCIÓN DEL TÍTULO
Mención de responsabilidad, etc. Marga Viza (coord.)
245 ## - MENCIÓN DEL TÍTULO
Mención de responsabilidad, etc. Miquel Riera
245 ## - MENCIÓN DEL TÍTULO
Medio [cartell]
260 ## - PUBLICACIÓN, DISTRIBUCIÓN, ETC.
Lugar de publicación, distribución, etc. [S.l.]
260 ## - PUBLICACIÓN, DISTRIBUCIÓN, ETC.
Nombre del editor, distribuidor, etc. Caixa Catalunya. Obra Social. Fundació Territori i Paisatge
260 ## - PUBLICACIÓN, DISTRIBUCIÓN, ETC.
Nombre del editor, distribuidor, etc. Revista Presència
260 ## - PUBLICACIÓN, DISTRIBUCIÓN, ETC.
Fecha de publicación, distribución, etc. 2004
300 ## - DESCRIPCIÓN FÍSICA
Otras características físicas il.
500 ## - NOTA GENERAL
Nota general Sinònims
520 ## - RESUMEN, ETC.
Nombre de termes 40
522 ## - NOTA DE ÁMBITO GEOGRÁFICO
Nota de ámbito geográfico Països Catalans
546 ## - NOTA DE IDIOMA
Llengua de les definicions català
591 ## - Codi de font
Codi de font 8532
592 ## - Tipus obra
Tipus d'obra Obra terminològica
593 ## - Codi CGAT
Codi de la CGAT DGA
594 ## - Número de document
Número de document 8532
650 ## - PUNTO DE ACCESO ADICIONAL DE MATERIA--TÉRMINO DE MATERIA
Término de materia o nombre geográfico como elemento de entrada mamífers
9 (RLIN) 60586
700 ## - ENTRADA AGREGADA--NOMBRE PERSONAL
Nombre de persona Riera, Miquel
9 (RLIN) 71811
700 ## - ENTRADA AGREGADA--NOMBRE PERSONAL
Nombre de persona Sargatal i Vicens, J.
9 (RLIN) 64273
901 ## - ELEMENTOS DE DATOS A LOCAL LDA (RLIN)
c [<2004>]
902 ## - ELEMENTOS DE DATOS B LOCAL, LDB (RLIN)
a 040414
942 ## - ELEMENTOS DE ENTRADA SECUNDARIOS (KOHA)
Tipo de ítem Koha Monografia
Suprimir en OPAC No
Fons
Estatus retirado Estado de pérdida Estado de daño No para préstamo Biblioteca de origen Biblioteca actual Fecha de adquisición Total de préstamos Signatura topográfica completa Código de barras Visto por última vez Precio de reemplazo Tipo de ítem Koha
        TERMCAT TERMCAT 14/04/2004   DGA Cartells 11964 30/09/2021 30/09/2021 MO

Implantat amb Koha